Top 10 Countries with the Most in the 23-24 Serie A - Statistics

General Stats
  • This quiz has been taken 57 times
  • The average score is 8 of 10
Answer Stats
# Country % Correct
30 France
100%
201 Italy
100%
16 Spain
98%
21 Brazil
92%
12 Portugal
90%
26 Argentina
84%
16 Netherlands
68%
15 Poland
68%
15 Serbia
62%
13 Albania
34%
No matching quizzes found
Score Distribution
Percent of People with Each Score
Percentile by Number Answered
Your Score History
You have not taken this quiz